000 00574nab a2200205 a 4500
005 20210219160940.0
008 991125s1985 mx 000 0 spa u
035 _aUPN01000175657
222 _aESTUDIOS DE PSICOLOGIA
245 _a¿ Es el espacio visualmente percibido un espacio métrico ?
260 _aMadrid, España
300 _a345-371
362 0 _a2009 Vol. 30, no. 3, nov.
653 0 _aESPACIO VISUAL
653 0 _aVISION ESPACIAL
653 0 _aPSICOFISICA VISUAL
700 1 _aAznar Casanova, J. Antonio,
700 1 _ecoaut.
905 _aArticulo
999 _c147760
_d147760